<?xml version="1.0" encoding="UTF-8"?>
<collection xmlns="http://www.loc.gov/MARC21/slim">
 <record>
  <leader>01141nam a22002535a 4500</leader>
  <controlfield tag="001">EEA.libagro011365</controlfield>
  <controlfield tag="008">211221s2021####ag#a##########000#0#spa#d</controlfield>
  <controlfield tag="005">20220202091032.0</controlfield>
  <datafield tag="245" ind1="1" ind2="0">
   <subfield code="a">Protocolo de cultivo de Convolvulus arvensis L. en condiciones controladas /</subfield>
   <subfield code="c">María Belén Davies.</subfield>
  </datafield>
  <datafield tag="260" ind1=" " ind2=" ">
   <subfield code="a">Bahía Blanca,</subfield>
   <subfield code="c">2021.</subfield>
  </datafield>
  <datafield tag="300" ind1=" " ind2=" ">
   <subfield code="a">18 h. :</subfield>
   <subfield code="b">il. col., fot. col. ;</subfield>
   <subfield code="c">30 cm.</subfield>
  </datafield>
  <datafield tag="500" ind1=" " ind2=" ">
   <subfield code="a">Trabajo final (Técnico Universitario en Parques y Jardines) -- Universidad Nacional del Sur. Departamento de Agronomía, 2021.</subfield>
  </datafield>
  <datafield tag="530" ind1=" " ind2=" ">
   <subfield code="a">Disponible también en línea.</subfield>
  </datafield>
  <datafield tag="100" ind1="1" ind2=" ">
   <subfield code="a">Davies, María Belén.</subfield>
  </datafield>
  <datafield tag="700" ind1="1" ind2=" ">
   <subfield code="a">Villamil, Soledad Camila,</subfield>
   <subfield code="e">tutor.</subfield>
  </datafield>
  <datafield tag="710" ind1="2" ind2=" ">
   <subfield code="a">Universidad Nacional del Sur.</subfield>
   <subfield code="b">Departamento de Agronomía.</subfield>
  </datafield>
  <datafield tag="082" ind1="0" ind2="4">
   <subfield code="a">632.96</subfield>
   <subfield code="2">20</subfield>
  </datafield>
  <datafield tag="650" ind1=" " ind2="7">
   <subfield code="a">Convolvulus arvensis</subfield>
   <subfield code="x">Cultivo</subfield>
   <subfield code="2">agrovoc</subfield>
  </datafield>
  <datafield tag="650" ind1=" " ind2="7">
   <subfield code="a">Malezas</subfield>
   <subfield code="x">Control biológico</subfield>
   <subfield code="2">agrovoc</subfield>
  </datafield>
  <datafield tag="650" ind1=" " ind2="7">
   <subfield code="a">Plagas</subfield>
   <subfield code="x">Lucha integrada</subfield>
   <subfield code="2">agrovoc</subfield>
  </datafield>
  <datafield tag="650" ind1=" " ind2="7">
   <subfield code="a">Agentes de control biológico</subfield>
   <subfield code="2">agrovoc</subfield>
  </datafield>
  <datafield tag="653" ind1=" " ind2=" ">
   <subfield code="a">Correhuela</subfield>
  </datafield>
  <datafield tag="856" ind1="4" ind2="1">
   <subfield code="3">Acceso a texto completo</subfield>
   <subfield code="u">https://repositoriodigital.uns.edu.ar/xmlui/handle/123456789/5849</subfield>
  </datafield>
  <datafield tag="859" ind1=" " ind2=" ">
   <subfield code="a">AR-BbBCA</subfield>
   <subfield code="b">BIB. AGRONOMIA</subfield>
   <subfield code="h">632.96</subfield>
   <subfield code="i">D255</subfield>
   <subfield code="p">2021/7198</subfield>
  </datafield>
 </record>
</collection>
